000 00707nam a2200289Ia 4500
003 OSt
005 20240530112050.0
008 210210b2013 xxu||||| |||| 00| 0 eng d
020 _a8126402814
040 _cAL
041 _aMalayalam
082 _a894.8121 KURO
100 _aKURUP (O N V)
_9168570
245 _aO N Vyute kavithakal bruhadsamaharam Vol I
260 _aKottayam
_bD C Books
_c2013
300 _a924
650 _aVyute
_9168571
650 _aVol
_9168572
650 _aO
_9168573
650 _aN
_9168574
650 _akavithakal
_9168575
650 _aI
_9168576
650 _abruhadsamaharam
_9168577
690 _aMalayalam
_9168578
906 _a072389
942 _2ddc
_cBK
999 _c122211
_d122211